000 00433cam a2200181ua 4500
020 _c2.00
041 _ahin
_h
082 _a891.43
_bRAV/LA
100 _aRavindranatha, Tagore .
245 _aLal Kaner /
_cRavindranath Tagore.
_hTextual Documents
250 _a4 /
_b.
260 _aDelhi :
_bRajkamal Prakashan ,
_c1962.
300 _a104 ; .
365 _a2.00
504 _a
942 _cBK
999 _c12748
_d12748